000 00645nam a22002177a 4500
003 UA-OsUOA
001 127529
007 ta
008 20171204b un ||||| |||| 00| 0 ukr d
100 _aТиліщак В.
090 _a94(477)
_bТ40
942 _cSA
040 _aUA-OsUOA
_bukr
_cUA-OsUOA
_dUA-OsUOA
245 _aПлпнове знищення. Як скоювався злочин Голодомору
300 _aС.36-38
955 _a0
041 _aukr
080 _a94(477)
773 0 _w127528
_tУкраїнський тиждень
_dК.
_d2017
_g47
650 7 _a9 Географія. Біографії. Історія
_2UDC
999 _c414651
_d414651